[Event "Yingmei Cup CHN-chT 2017"]
[Site "?"]
[Date "2017.08.19"]
[Round "13"]
[White "Xu, Jun"]
[Black "Andreikin, Dmitry"]
[Result "0-1"]
[WhiteElo "2504"]
[BlackElo "2706"]
[Annotator "TA"]
[PlyCount "133"]
[EventDate "2017.??.??"]
[SourceTitle "Wuxi"]

1. d4 d5 2. c4 dxc4 3. e3 Nf6 4. Bxc4 e6 5. Nf3 c5 6. O-O a6 7. dxc5 Qxd1 8.
Rxd1 Bxc5 9. Be2 Nbd7 {[%emt 0:00:07] D2: Queen's Gambit Accepted: Classical
main line: 7 e4!? and 7 a4} 10. Nbd2 b6 (10... O-O 11. Nc4 b6 12. b3 Bb7 13.
Bb2 Bd5 14. Nfe5 b5 15. Nxd7 Nxd7 16. e4 Bxe4 17. Rxd7 bxc4 18. Rc1 Rfc8 19.
Bxc4 a5 20. a4 Bc6 21. Rd3 {1/2-1/2 (30) Li,C (2720)-Wang,Y (2706) China 2017})
11. Nb3 Be7 12. Nfd4 Bb7 13. f3 {LiveBook: 36 Games} g5 14. Bd2 Rc8 15. Rac1
O-O 16. h3 $146 ({Predecessor:} 16. Nc2 Nc5 17. Nxc5 Bxc5 18. b4 Bd6 19. e4 g4
20. Be3 gxf3 21. gxf3 Bc7 22. b5 axb5 23. Nb4 Kh8 24. Bd4 {1-0 (24) Luehrig,
W-Stroeher,R DESC email 2001}) 16... h6 17. e4 Bd6 18. Be3 {[#] Nxe6! is the
strong threat.} Bf4 19. Kf2 Rfd8 20. Rxc8 (20. Bxf4 {is interesting.} gxf4 21.
a4 Ne5 22. Rxc8 Rxc8 23. a5) 20... Rxc8 21. Rc1 Rxc1 22. Nxc1 Nh5 23. Bxf4 Nxf4
24. Bf1 Kf8 25. g3 Ng6 26. Ke3 h5 27. Nd3 h4 28. gxh4 Nxh4 29. Nb4 (29. f4 $5)
29... a5 30. Nbc2 Ke7 31. Na3 f5 32. Nc4 f4+ 33. Kf2 Ng6 34. a3 Nge5 35. b4
axb4 36. axb4 Nc6 37. Nc2 Bc8 38. N4a3 Nde5 39. Nb1 $1 Bd7 40. Nc3 Nd8 41. Be2
Ndf7 42. Bf1 Nd6 43. Be2 Nec4 44. Bf1 Kf6 45. Be2 Ke5 46. Bf1 Nd2 47. Be2 N2c4
48. Bf1 $1 Nb2 49. Ke1 Ndc4 50. Be2 Be8 51. Kf2 Bd7 52. Ke1 Be8 53. Kf2 Nd2 54.
Ke1 Nb3 55. Bb5 Bh5 56. Kf2 Nd2 57. Be2 Be8 58. Ke1 Ndc4 59. Kf2 Bd7 60. Ke1 $1
Ne3 61. Na3 Na4 62. Kd2 (62. Nd1 $11) 62... Nxc3 $17 63. Kxc3 Kf6 64. Nc2 $2 {
[#]} (64. Nb5 $17) 64... Nxc2 $19 {Black has a decisive advantage.} 65. Kxc2 e5
66. Bf1 Kg6 {aiming for ...Kh5.} 67. Kd2 {Precision: White = 63%, Black = 61%.}
0-1

[Event "Yingmei Cup CHN-chT 2017"]
[Site "?"]
[Date "2017.08.19"]
[Round "13"]
[White "Xu, Xiangyu"]
[Black "Malakhov, Vladimir"]
[Result "1/2-1/2"]
[WhiteElo "2503"]
[BlackElo "2714"]
[Annotator "TA"]
[PlyCount "150"]
[EventDate "2017.??.??"]
[SourceTitle "Wuxi"]

1. d4 d5 2. c4 c6 3. Nf3 Nf6 4. Nc3 a6 5. c5 Bf5 6. Qb3 Ra7 {D15: Slav Defence:
4 Nc3 a6 and gambit lines after 4 Nc3 dxc4} 7. Bf4 Nbd7 8. h3 e6 9. e3 Be7 10.
Be2 O-O 11. O-O {LiveBook: 5 Games} Re8 12. Rfd1 $146 ({Find the theoretical
novelty and annotate with similar games:} 12. Na4 Ne4 13. Rac1 Bf6 14. Nb6 {
0-1 (59) Wojtaszek,R (2716)-Eljanov,P (2732) Shamkir 2014}) 12... Ne4 13. Ne5
Nxe5 (13... Nexc5 $5 14. dxc5 Nxc5 $14) 14. Nxe4 (14. Bxe5 {looks sharper.} Nf6
15. Bg3 Nd7 16. Bf3 Bg6 17. e4) 14... Ng6 15. Ng3 Nxf4 16. exf4 Qc7 17. Qe3 b6
18. cxb6 Qxb6 19. b3 Raa8 (19... Bc2 $5 20. Rdc1 Bg6 $15) 20. Nxf5 exf5 21. Qd3
Bf6 22. Rac1 Re4 23. Qc2 Bxd4 24. Qxc6 Bxf2+ 25. Kf1 Qxc6 26. Rxc6 Rxf4 27.
Rxd5 Bg3+ 28. Kg1 Re4 (28... g6 $15 29. Bf3 Ra7) 29. Rxa6 $11 Rae8 (29... Rb8
$5 30. Bf1 g6 $11) 30. Bf1 g6 31. Rd1 Re1 32. Rxe1 Rxe1 {Endgame KRB-KRB} 33.
b4 Be5 {[#] And now ...Bd4+ would win.} 34. Kf2 Rb1 35. a3 Bd4+ 36. Ke2 Bg1 37.
Rd6 Ra1 38. Rd3 f4 39. g3 Ra2+ 40. Kd1 Ra1+ 41. Ke2 fxg3 42. Rxg3 Bd4 43. Bg2
Ra2+ 44. Kf1 Bb2 45. Bd5 Ra1+ 46. Ke2 Kf8 47. b5 Bxa3 48. Rf3 f5 49. b6 {
[#] aiming for Rxa3!} Bd6 50. b7 Ra5 51. Rd3 Bh2 52. Bc6 Ra6 53. Bd5 Ke7 54.
Rb3 Bb8 55. Rc3 Rb6 56. Rb3 (56. Rc8 $5 Be5 57. Kd3 $11) 56... Rd6 57. Re3+ Kf8
(57... Kd7 $5 58. Bg8 h6 $15) 58. Rd3 Ke7 59. Re3+ Kd7 60. Bg8 h5 (60... h6 {
is interesting.} 61. Rc3 Rb6 62. Bd5 Bc7 63. Rb3 Rxb3 64. Bxb3 Ke7) 61. Rd3
Rxd3 62. Kxd3 {KB-KB} Ke7 63. Ke2 g5 64. Bd5 Kf6 65. Kf2 g4 66. Bc6 f4 67. hxg4
hxg4 68. Bd5 Ba7+ 69. Kg2 $1 Ke5 70. Bc6 Ke6 71. Be4 Bb8 72. Bc6 Kf6 73. Bd5
Ke5 74. Bc6 Kd4 75. Bd7 g3 {Precision: White = 63%, Black = 58%.} 1/2-1/2

[Event "Yingmei Cup CHN-chT 2017"]
[Site "?"]
[Date "2017.08.19"]
[Round "13"]
[White "Girya, Olga"]
[Black "Ni, Shiqun"]
[Result "1/2-1/2"]
[WhiteElo "2501"]
[BlackElo "2432"]
[Annotator "TA"]
[PlyCount "135"]
[EventDate "2017.??.??"]
[SourceTitle "Wuxi"]

1. d4 Nf6 2. c4 g6 3. g3 c6 4. Bg2 d5 5. Nf3 Bg7 6. b3 O-O 7. O-O Bf5 8. Bb2
Nbd7 9. cxd5 {D78: Fianchetto Grünfeld: 6 0-0 c6} (9. e3 dxc4 10. bxc4 e5 11.
Nc3 Re8 12. h3 exd4 13. Nxd4 Ne5 14. Nxf5 Qxd1 15. Nxd1 gxf5 16. Bxe5 Rxe5 {
1-0 (34) Vachier Lagrave,M (2789)-Kramnik,V (2812) Paris 2016}) 9... cxd5 10.
Nc3 {LiveBook: 9 Games} Nb6 11. a4 $146 {White is slightly better.} ({
Predecessor:} 11. Ne5 Ng4 12. e4 Nxe5 13. dxe5 dxe4 14. Nxe4 Nd7 15. f4 Bxe4
16. Bxe4 Nc5 17. Bc2 Qc7 18. Qe2 Rad8 19. Rfd1 Na4 20. bxa4 Qb6+ 21. Qf2 Qxb2 {
1/2-1/2 (21) Teodorescu,I (2258) -Daianu,C (2235) Slanic Moldova 2011}) 11...
Ne4 12. a5 Nxc3 13. Bxc3 Nc8 14. Ne5 a6 15. Bb4 Na7 16. Rc1 Rc8 17. Qd2 $36 {
White fights for an advantage.} Rxc1 18. Rxc1 f6 (18... Nb5 $14) 19. Nd3 $16
Bxd3 20. Qxd3 ({Much worse is} 20. exd3 $6 Nc6 $11) 20... Nc6 21. Bc5 $1 Re8 (
21... f5 $16 {was worth a try.}) 22. b4 $18 e6 {[#]} 23. Bb6 ({Better is} 23.
e4 $1 $18) 23... Qd6 $2 (23... Qd7 $1 $14) 24. b5 axb5 25. Qxb5 {Hoping for a6.
} Qa3 (25... Bh6 {was called for.} 26. Rb1 f5) 26. Rb1 (26. Rxc6 $18 bxc6 27.
Qxc6) 26... f5 $16 27. e3 Rc8 28. h4 Kh8 29. Bc5 Qxa5 30. Qxb7 Qc7 {[#]} (30...
Rc7 $16 31. Qb6 Qxb6 32. Rxb6 Bf6) 31. Qxc7 (31. Qa6 $1 $18 {and the rest is
easy.}) 31... Rxc7 32. Rb6 Bf6 33. Bf1 {aiming for Bd6.} Nd8 $1 34. Rb8 Kg7 35.
Ba6 Kf7 36. Kg2 Nc6 37. Rf8+ (37. Ra8 {is more complex.} Ne7 38. Bd6 Rc6 39.
Bf4 Rb6 40. Ra7) 37... Kg7 38. Ra8 {Black must now prevent Bc8.} Ne7 39. Bb5
Nc8 40. Ba6 Ne7 41. Kf3 (41. Bd6 $5 Rd7 42. Bf4 $16) 41... Kf7 42. Ke2 Kg7 (
42... Ng8 $1 $11) 43. Kd3 Kf7 44. Ke2 Kg7 45. Kf1 (45. Kd2 $16) 45... Kf7 46.
Kg1 Kg7 (46... f4 $11) 47. Kh2 (47. Kg2 $16) 47... Kf7 48. Kh3 (48. Bd6 $5 Rc2
49. Kg2 $14) 48... Kg7 (48... Ng8 $11 {keeps the balance.}) 49. Be2 Rb7 50. Kg2
Rb2 51. Bd3 (51. Ra7 $16) 51... Rb7 $14 52. Ba6 Rc7 $1 53. Bb5 Nc8 $1 54. Bb4 (
{White should try} 54. Bf1 $16) 54... Kf7 $11 {The position is equal.} 55. Ba5
Ra7 56. Rxa7+ Nxa7 {Endgame KBB-KBN} 57. Bd7 Ke7 58. Ba4 Nc8 59. Bb4+ Kf7 60.
Kf1 Be7 (60... f4 $5) 61. Ba5 Nd6 62. Ke2 Ne4 63. Be1 Bd6 64. Kf1 h6 65. Kg2 g5
66. hxg5 hxg5 67. f3 Nf6 68. Bc2 {Precision: White = 42%, Black = 62%.} 1/2-1/2

[Event "Yingmei Cup CHN-chT 2017"]
[Site "?"]
[Date "2017.08.19"]
[Round "13"]
[White "Stefanova, Antoaneta"]
[Black "Ren, Xiaoyi"]
[Result "1-0"]
[WhiteElo "2499"]
[BlackElo "2253"]
[Annotator "TA"]
[PlyCount "101"]
[EventDate "2017.??.??"]
[SourceTitle "Wuxi"]

1. c4 Nf6 2. g3 c6 3. Nf3 d5 4. Bg2 g6 5. b3 Bg7 6. Bb2 O-O 7. O-O a5 8. Qc2 {
A11: English Opening: 1...c6} (8. d3 Re8 9. Qc1 Bg4 10. h3 Bxf3 11. Bxf3 e6 12.
Bg2 Nbd7 13. Nc3 h5 14. Nd1 Qc7 15. Qc2 Qd6 16. e3 {1/2-1/2 (55) Aronian,L 
(2785)-Bu,X (2705) Doha 2016}) 8... Na6 9. d3 Bf5 {LiveBook: 3 Games} 10. Nbd2
{White is slightly better.} Re8 11. Bc3 $146 ({Predecessor:} 11. a3 Qb8 12. Be5
Qc8 13. Rfc1 Bh3 14. cxd5 Bxg2 15. Kxg2 cxd5 16. Qb2 Qd7 {1-0 (47) Lysyj,I 
(2628)-Usmanov,V (2336) St Petersburg 2012}) 11... Nc5 $2 {[#]} ({Better is} 
11... Bg4 $14) 12. cxd5 $18 cxd5 13. Bxf6 $1 Bxf6 14. Qxc5 {aiming for Rac1.}
Bxa1 15. Rxa1 e5 16. e4 dxe4 17. dxe4 ({Don't play} 17. Nxe4 $6 b6 $18) 17...
Rc8 18. Qe3 Bg4 19. Nc4 f6 20. a4 Rc6 21. Bf1 Re7 22. h3 Be6 23. g4 g5 24. Be2
h6 25. Rd1 Qc7 26. Nh2 Rc5 27. Qf3 Kg7 28. Ne3 (28. Rd6 Rxc4 29. Bxc4 Qxd6 $17)
28... Rc3 29. Bc4 Rd7 30. Re1 ({Weaker is} 30. Bxe6 Rxd1+ 31. Nhf1 (31. Qxd1
Rc1 $16) 31... Rd6 $16) 30... Bxc4 31. Nf5+ ({Not} 31. bxc4 Rdd3 $18) 31... Kh7
32. Qxc3 Be6 33. Qf3 Qd8 34. Nf1 Rd3 35. Re3 Rd1 36. Kg2 b6 37. Rc3 Rb1 38. Rd3
Qc7 39. N5g3 Qf7 40. Nh5 Rxb3 41. Rxb3 Bxb3 42. Qf5+ Kh8 43. Nxf6 Bxa4 44. Qxe5
{White mates.} Bb3 45. Ng3 Qe6 46. Qd4 Kg7 47. Nd7+ Kf7 48. Nf5 Bc2 49. Ne5+
Kf6 50. Nc6+ Kf7 51. Nd8+ {Precision: White = 89%, Black = 28%.} 1-0

[Event "Yingmei Cup CHN-chT 2017"]
[Site "?"]
[Date "2017.08.19"]
[Round "13"]
[White "Zhao, Xue"]
[Black "Zhu, Jiner"]
[Result "0-1"]
[WhiteElo "2499"]
[BlackElo "2154"]
[Annotator "TA"]
[PlyCount "120"]
[EventDate "2017.??.??"]
[SourceTitle "Wuxi"]

1. c4 Nf6 2. Nf3 e6 3. b3 d5 4. Bb2 c5 5. e3 Nc6 6. cxd5 exd5 7. Bb5 Bd6 8. d4
{LiveBook: 13 Games. A13: English Opening: 1...e6} (8. O-O O-O 9. d4 cxd4 10.
Nxd4 Bc7 11. Be2 Qd6 12. g3 Bb6 13. Ba3 Qe5 14. Bxf8 Kxf8 15. Nd2 Nxd4 16. exd4
Qxd4 {0-1 (51) Malakhov,V (2722)-Wei,Y (2738) Danzhou 2017}) 8... Qa5+ 9. Nc3
Ne4 (9... cxd4 {looks sharper.} 10. Nxd4 O-O 11. O-O Qc7 12. Nf3 a6) 10. dxc5 {
White has an edge.} Nxc3 11. Bxc6+ $1 bxc6 12. Qd2 Qxc5 {And now ...Ne4 would
win.} 13. Bxc3 O-O 14. O-O {[#]} a5 $146 ({Better is} 14... Bf5 $11) ({
Predecessor:} 14... Qb6 15. Rfc1 Be6 {1/2-1/2 (36) Drazic,S (2508)-Novikov,I 
(2611) Korinthos 2000}) 15. Rfc1 $14 {Threatens to win with Bxg7!} Qb6 16. Be5
Ba3 17. Bb2 Bxb2 18. Qxb2 f6 (18... c5 $14) 19. Qd4 $16 Ra6 20. Qxb6 Rxb6 21.
Rc5 Ra6 22. Rac1 Bd7 23. Nd4 Rc8 24. g4 ({White should try} 24. Ne2 $16) 24...
Kf7 $11 25. Kg2 Ke7 26. Kg3 Kd6 27. f3 (27. Nb5+ $5 cxb5 28. Rxc8 Bxc8 29. Rxc8
$11) 27... Re8 28. Kf2 h5 29. h3 $36 {White has the initiative.} hxg4 30. hxg4
Rh8 31. Kg3 Re8 32. R5c3 Rh8 33. Rd1 g6 34. Ne2 Ke7 (34... Rb8 $14) 35. Nf4 (
35. e4 $1 $16) 35... Rh6 36. e4 g5 37. Nd3 Ra8 (37... Ra7 $142) 38. exd5 cxd5 {
[#]} 39. Nf2 $1 Be6 40. Rc6 {aiming for Re1.} Kd7 (40... Bf7 $16 {keeps
fighting.}) 41. Rb6 $18 Rhh8 (41... Bg8 $16 42. Ne4 Kc7 43. Rxf6 Rxf6 44. Nxf6
Kc6) 42. Ne4 $1 Kc7 43. Rxe6 dxe4 44. Rxe4 {Endgame KRR-KRR} Rh7 45. Rc1+ Kb7 {
[#]} 46. Rce1 $1 Rh6 (46... Rd7 {is a better defense.} 47. Re6 Rf8) 47. Re8
Rxe8 48. Rxe8 {KR-KR} Kc7 49. a3 Kb7 $2 (49... Kc6 50. Re6+ Kb5) 50. Re6 Ka7
51. b4 axb4 52. axb4 Kb7 53. Kf2 Kc7 54. Ke3 Kd7 55. Ra6 Ke7 56. Ke4 $4 {[#]} (
56. Rc6 $18) 56... f5+ $1 {Black mates.} 57. Kxf5 Rxa6 58. Kxg5 Kf7 59. f4 Rb6
60. f5 Rxb4 {Precision: White = 69%, Black = 47%.} 0-1

[Event "Yingmei Cup CHN-chT 2017"]
[Site "?"]
[Date "2017.08.19"]
[Round "13"]
[White "Wan, Yunguo"]
[Black "Liu, Qingnan"]
[Result "1/2-1/2"]
[WhiteElo "2492"]
[BlackElo "2502"]
[Annotator "TA"]
[PlyCount "38"]
[EventDate "2017.??.??"]
[SourceTitle "Wuxi"]

1. e4 e5 2. Nf3 Nf6 3. Nxe5 d6 4. Nf3 Nxe4 5. d4 d5 6. Bd3 Bd6 7. O-O O-O 8. c4
c6 9. Qc2 Na6 10. a3 f5 11. Nc3 Nc7 12. c5 {C42: Petroff Defence: 3 Nxe5 and
unusual White 3rd moves} Be7 13. Ne2 Ne6 14. b4 Bf6 15. Bb2 Qc7 {[#] LiveBook:
5 Games} 16. Ne1 $146 ({Predecessor:} 16. Rfe1 Bd7 17. Rad1 g6 18. Nc1 g5 19.
Nb3 Rae8 {1/2-1/2 (27) Adams,M (2742)-Piket,J (2659) Wijk aan Zee 2002}) 16...
Bg5 17. Nf3 Bf6 18. Ne1 Bg5 19. Nf3 Bf6 1/2-1/2

[Event "Yingmei Cup CHN-chT 2017"]
[Site "?"]
[Date "2017.08.19"]
[Round "13"]
[White "Liu, Guanchu"]
[Black "Dai, Changren"]
[Result "1-0"]
[WhiteElo "2451"]
[BlackElo "2427"]
[Annotator "TA"]
[PlyCount "89"]
[EventDate "2017.??.??"]
[SourceTitle "Wuxi"]

1. e4 e5 2. Nf3 Nc6 3. Bb5 a6 4. Bxc6 dxc6 5. O-O Bg4 6. h3 h5 7. d3 Qf6 8. Be3
Bxf3 9. Qxf3 Qxf3 10. gxf3 Bd6 11. Nd2 Ne7 12. Rfb1 {LiveBook: 73 Games. C68:
Ruy Lopez: Exchange Variation, sidelines} O-O (12... Ng6 13. Kf1 c5 14. Nc4 Be7
15. a3 a5 16. b4 axb4 17. axb4 Rxa1 18. Rxa1 cxb4 19. Ra8+ Bd8 20. Na5 b6 {
1/2-1/2 (40) Solak,D (2641)-Ding,L (2783) Khanty-Mansiysk 2017}) 13. b4 f5 14.
a3 {The position is equal.} Ng6 (14... f4 $5 15. Bc5 $8 Rad8 $11) 15. Kf1 Rf7
$146 ({Predecessor:} 15... fxe4 16. fxe4 Nf4 17. Bxf4 Rxf4 18. Ke2 Raf8 19. f3
Kh7 {1-0 (40) Deviatkin,A (2499)-Parnali,S (2209) New Delhi 2017}) 16. Ke2 Nf8
17. Nc4 Ne6 18. c3 Raf8 19. Rg1 fxe4 20. fxe4 b5 21. Na5 c5 22. Raf1 Nf4+ 23.
Bxf4 $1 Rxf4 {[#]} 24. f3 $1 cxb4 25. axb4 Kh7 26. Nc6 R4f6 27. Rg5 Kh6 (27...
Re8 $16) 28. Rfg1 $18 R8f7 $2 (28... Rxf3 {was necessary.} 29. Rg6+ (29. Nxe5
Rf2+ 30. Ke1 Rf1+ 31. Rxf1 Rxf1+ 32. Kxf1 Kxg5 $14) 29... Kh7) 29. R1g2 (29.
Nxe5 Bxe5 30. Rxe5 Rxf3 $16) (29. d4 $142) 29... Rf4 $2 (29... Rxf3 {keeps
fighting.} 30. Rg6+ (30. Nxe5 Bxe5 31. Rxe5 Rxh3 $15) 30... Kh7) 30. d4 Rxf3
31. Rg6+ Kh7 {[#]} 32. Rxg7+ $1 Rxg7 33. Rxg7+ ({Weaker is} 33. Kxf3 Rxg2 34.
Kxg2 exd4 $16) 33... Kxg7 34. Kxf3 Kf6 $2 (34... exd4 35. cxd4 Bf8) 35. dxe5+
Bxe5 36. Nxe5 Kxe5 {Endgame KP-KP} 37. h4 c6 38. Ke3 Ke6 39. Kd4 Kd6 40. e5+
Ke6 41. Ke4 Kd7 42. Kf5 Ke7 43. e6 c5 44. bxc5 a5 45. c6 {Precision: White =
86%, Black = 31%.} (45. Ke5 $142 b4 46. c6 Kd8 47. Kd6 Ke8 48. c7 Kf8 49. c8=Q+
Kg7 50. e7 Kh6 51. Qh8+ Kg6 52. Ke6 bxc3 53. e8=Q#) 1-0

[Event "Yingmei Cup CHN-chT 2017"]
[Site "?"]
[Date "2017.08.19"]
[Round "13"]
[White "Lin, Chen"]
[Black "Zhou, Weiqi"]
[Result "1/2-1/2"]
[WhiteElo "2450"]
[BlackElo "2613"]
[Annotator "TA"]
[PlyCount "102"]
[EventDate "2017.??.??"]
[SourceTitle "Wuxi"]

1. e4 c6 2. d4 d5 3. exd5 cxd5 4. Bd3 Nc6 5. c3 Nf6 6. h3 g6 7. Nf3 Bf5 8. O-O
Bxd3 {B13: Caro-Kann: Exchange Variation and Panov-Botvinnik Attack} 9. Qxd3
Bg7 10. Bf4 {LiveBook: 9 Games} Qb6 $146 ({Predecessor:} 10... O-O 11. Nbd2 e6
12. Rfe1 Re8 13. Ne5 Nxe5 14. Bxe5 Nd7 15. Bxg7 Kxg7 16. Nf3 {1-0 (48) Yudin,S
(2546)-Riazantsev,A (2692) Dubai 2014}) 11. Qc2 Ne4 12. Nbd2 f5 13. Ng5 O-O 14.
Qb3 Qxb3 {The position is equal.} 15. Nxb3 Nxg5 16. Bxg5 f4 {[#] And now ...h6
would win.} 17. g3 fxg3 18. fxg3 e5 19. dxe5 Bxe5 20. Rad1 Bxg3 21. Rxd5 Bc7
22. Bh6 Bb6+ 23. Kg2 Rfe8 24. Rd7 Re7 (24... Re2+ {with more complications.}
25. Kf3 Rae8 26. Nd2 Ne5+ 27. Kxe2 Nxd7+ 28. Kd1 Re5) 25. Rxe7 Nxe7 26. Bf4 Nf5
27. Rd1 Re8 28. Kf3 Nh4+ 29. Kg3 Nf5+ 30. Kf3 Nh4+ 31. Kg3 Nf5+ 32. Kf3 Kf7 (
32... Rf8 $5 33. Rd7 Ng7 $11) 33. Rd7+ Re7 34. Rxe7+ Kxe7 $11 {Endgame KBN-KBN}
35. Nd2 Ke6 36. Ke4 Bd8 37. Nb3 Bb6 38. Nd2 Bd8 39. Nb3 {Black should prevent
Nc5+.} Bb6 40. Nd2 h6 41. Nf3 g5 42. Be5 a6 43. a4 Nd6+ 44. Bxd6 Kxd6 {KB-KN}
45. Ne5 Ke6 46. b4 h5 47. c4 Bc7 48. Nd3 b6 49. c5 g4 50. hxg4 hxg4 51. b5 axb5
{Precision: White = 75%, Black = 77%.} 1/2-1/2

[Event "Yingmei Cup CHN-chT 2017"]
[Site "?"]
[Date "2017.08.19"]
[Round "13"]
[White "Huang, Qian"]
[Black "Wang, Doudou"]
[Result "1-0"]
[WhiteElo "2439"]
[BlackElo "2195"]
[Annotator "TA"]
[PlyCount "103"]
[EventDate "2017.??.??"]
[SourceTitle "Wuxi"]

1. Nf3 d5 2. c4 c6 3. Qc2 Nf6 4. g3 g6 5. b3 Bg7 6. Bb2 {LiveBook: 26 Games.
A11: English Opening: 1...c6} Bg4 (6... O-O 7. Bg2 a5 8. O-O Na6 9. d3 a4 10.
Bc3 axb3 11. axb3 Bg4 12. Nbd2 Qb6 {1/2-1/2 (34) Rasulov,V (2498)-Mammadov,Z 
(2456) Baku 2016}) 7. Ne5 Bf5 8. d3 {The position is equal.} Nbd7 (8... O-O {
with more complications.} 9. Nd2 d4 10. Bg2 Nfd7 11. Nef3 e5) 9. Nd2 Nxe5 10.
Bxe5 O-O 11. Bg2 Qd7 $146 ({Predecessor:} 11... d4 12. O-O Ne8 13. Bxg7 Nxg7 {
1-0 (45) Benko,P-Paoli,E Venice 1969}) 12. h3 Rac8 13. Qb2 Rfd8 14. Nf3 Ne8 15.
Bxg7 Nxg7 16. Qd4 (16. Ne5 $11 Qd6 17. g4) 16... dxc4 (16... b6 {looks sharper.
} 17. cxd5 cxd5 18. g4 Be6 19. O-O f6) 17. Qxd7 Bxd7 18. bxc4 f6 19. O-O Rc7
20. Rfc1 Be6 21. a4 Kf7 22. a5 a6 23. Rab1 Bc8 24. d4 Bf5 25. Rb2 Be4 26. e3
Bxf3 27. Bxf3 Nf5 28. Rd1 Ke8 29. Bg2 Nd6 30. Rc2 c5 31. d5 Rb8 32. Bf1 Kd7 33.
Rb1 Rf8 34. Bd3 f5 35. h4 Rd8 36. Kg2 Rf8 37. Re1 Rd8 38. e4 fxe4 39. Bxe4 Rf8
40. Bd3 Kd8 41. Re5 Rf6 42. Rc1 Nf7 43. Re2 Nd6 44. h5 Ke8 (44... gxh5 $142 45.
Rh1 (45. Bxh7 h4 $14) 45... Rh6) 45. hxg6 $16 hxg6 46. Rh1 Kf8 47. Rh7 Nf7 48.
Rh1 Nd6 49. f4 Kg7 50. Kf3 Kf8 $2 {[#]} (50... Nf7 $16 51. Rhe1 Kf8) 51. Rh8+
$18 Kg7 52. Reh2 {Precision: White = 56%, Black = 40%.} 1-0

[Event "Yingmei Cup CHN-chT 2017"]
[Site "?"]
[Date "2017.08.19"]
[Round "13"]
[White "Peng, Xiongjian"]
[Black "Wang, Hao"]
[Result "0-1"]
[WhiteElo "2423"]
[BlackElo "2690"]
[Annotator "TA"]
[PlyCount "102"]
[EventDate "2017.??.??"]
[SourceTitle "Wuxi"]

1. e4 c5 2. Nf3 d6 3. d4 cxd4 4. Nxd4 Nf6 5. Nc3 a6 6. Be2 e6 7. O-O Be7 8. f4
Nc6 9. Be3 O-O 10. Qd2 Qc7 11. Bf3 {LiveBook: 3 Games} Nxd4 {B85: Sicilian
Scheveningen: 6 Be2 a6, lines with early Be3} (11... Na5 12. b3 Rb8 13. Nd1 b5
14. g4 d5 15. e5 Ne4 16. Qg2 f6 17. exf6 Bxf6 18. g5 Bxd4 19. Bxd4 Rxf4 {
0-1 (30) Al Qudaimi,B (2464)-Salem,A (2476) Abu Dhabi 2008}) 12. Bxd4 e5 13.
Be3 b5 {The position is equal.} 14. a4 $146 ({Predecessor:} 14. a3 Bb7 15. Rad1
Rac8 16. Rf2 Qc4 17. Qd3 Rfe8 18. Rfd2 Bf8 19. f5 Qxd3 20. cxd3 {1/2-1/2 (45)
Mittelberger,P (2282)-Wallis,T (2211) Austria 2001}) 14... b4 15. Nd5 Nxd5 16.
exd5 Rb8 17. a5 Bf6 18. Bb6 Rxb6 19. axb6 Qxb6+ 20. Kh1 exf4 21. c3 bxc3 22.
bxc3 Be5 23. Be2 a5 24. Ra3 Bd7 25. Qa2 a4 26. Bd1 Qa6 27. Re1 g6 {Strongly
threatening . ..Rc8.} 28. Bxa4 Bxa4 29. Rxa4 Qd3 30. c4 f3 31. gxf3 Qxf3+ 32.
Qg2 Qc3 33. Rf1 f5 {Black has compensation.} 34. Qa2 (34. Rf3 $5 Qd4 35. Rb4
$11) 34... Qd3 35. Re1 Qf3+ 36. Qg2 Qc3 37. Qe2 (37. Qf2 $15) 37... f4 $17 {
And now ...f3 would win.} 38. Rf1 $2 (38. c5 $17) 38... f3 $19 39. Qa2 {[#]}
Qd3 $1 40. Qb1 Qe2 41. Ra2 Qxc4 42. Rd2 Qh4 43. Qc2 $2 (43. Qe1 Qxe1 44. Rxe1)
43... g5 44. Rdf2 g4 45. Qe4 Kh8 46. Ra2 Qh3 {Black mates.} 47. Rff2 g3 48.
Rxf3 {[#]} g2+ $1 49. Rxg2 Rxf3 50. Qb1 Rf8 51. Qd1 {[#]} Bxh2 $1 {Precision:
White = 37%, Black = 82%.} 0-1

[Event "Yingmei Cup CHN-chT 2017"]
[Site "?"]
[Date "2017.08.19"]
[Round "13"]
[White "Wang, Jue"]
[Black "Ding, Yixin"]
[Result "1/2-1/2"]
[WhiteElo "2365"]
[BlackElo "2421"]
[Annotator "TA"]
[PlyCount "88"]
[EventDate "2017.??.??"]
[SourceTitle "Wuxi"]

1. e4 c5 2. Nf3 d6 3. d4 cxd4 4. Nxd4 Nf6 5. Nc3 a6 6. Nb3 e5 7. f3 Be7 8. Be3
Be6 9. Qd2 O-O 10. O-O-O Nbd7 11. g4 b5 12. g5 Nh5 13. Nd5 Bxd5 {B90: Sicilian
Najdorf: Unusual White 6th moves, 6 Be3 Ng4 and 6 Be3 e5} 14. exd5 f5 {
LiveBook: 102 Games} 15. h4 Qe8 $146 ({Predecessor:} 15... Ng3 16. Rg1 Nxf1 17.
Rgxf1 a5 18. Kb1 b4 19. f4 a4 20. Nc1 Qa5 21. Nd3 {0-1 (50) Kevlishvili,R 
(2402)-Tabatabaei,M (2493) Khanty-Mansiysk 2016}) 16. Na5 Bd8 17. Nb7 (17. Nc6
$11) 17... Ng3 18. Rg1 Nxf1 19. Rgxf1 f4 20. Bg1 Bc7 21. Qb4 (21. Qc3 $11 Qb8
22. Qc6) 21... Rb8 (21... Qb8 $5 22. Na5 Bxa5 23. Qxa5 Rc8 $15) 22. Na5 Bxa5
23. Qxa5 e4 24. fxe4 Qxe4 25. Rfe1 (25. Qe1 $5 Rbe8 26. Qxe4 Rxe4 27. Rd4 $11)
25... Qf5 {Strongly threatening ...Rbc8.} 26. Bd4 Rbc8 27. c3 ({White should
try} 27. Rd2 $15) 27... f3 $19 28. Qxa6 f2 29. Rf1 Qf4+ {Black has strong
compensation.} 30. Kb1 Qe4+ ({Black should play} 30... Nc5 $1 $17 31. Bxc5 (31.
Qa7 $2 Qe4+ 32. Ka1 Nb3+ 33. axb3 Ra8 $19) 31... Rxc5) 31. Ka1 $11 Qc2 32. a3
Nc5 $1 33. Bxc5 dxc5 (33... Rxc5 $11 {keeps the balance.} 34. Qxd6 Rxc3) 34.
Qe6+ $16 Kh8 {[#]} 35. Qe3 $1 b4 {[#]} (35... Qb3 $16) 36. Rd2 $2 ({Stronger
than} 36. cxb4 cxb4 37. Qd3 bxa3 $17) (36. Qd2 $1 $18 b3 37. Qxc2 bxc2 38. Rc1)
36... Qb3 $11 {The position is equal.} 37. Rdxf2 Rg8 $1 38. h5 bxa3 39. h6 $36
{White fights for an advantage.} ({Wrong is} 39. bxa3 $2 Ra8 $19) 39... axb2+
40. Kb1 Qxd5 41. Rf5 Qa8 42. Qe7 {Threatening mate with hxg7+.} Qa1+ 43. Kc2 {
Intending hxg7+ and mate.} Qa4+ (43... b1=Q+ $5 44. Rxb1 Qa2+ 45. Kc1 Qa8 $11)
44. Kb1 $1 {hxg7+ would kill now.} Qa1+ {Precision: White = 55%, Black = 67%.}
1/2-1/2